| 000 | 00587nam a2200205Ia 4500 | ||
|---|---|---|---|
| 001 | 1067 | ||
| 003 | GE_BSU | ||
| 008 | 181216s||||||||xx |||||||||||||| ||und|| | ||
| 040 | _cGE_BSU | ||
| 080 | _a7.071.3(075.3) | ||
| 100 | _aДанелия,К. и др | ||
| 245 | _aСредневековый перевод и его особенности | ||
| 260 | _aТбилиси | ||
| 260 | _bТбилисский ун-т | ||
| 260 | _c1992 | ||
| 300 | _a120стр. | ||
| 541 | _h5л. | ||
| 653 | _aСредневековый перевод м его особенности | ||
| 942 | _cBK | ||
| 999 |
_c35221 _d35221 |
||